Jeux de mots - Ils commencent par "ore". - Statistiques

Statistiques générales
  • Ce quiz a été pris 173 fois
  • Le résultat moyen est 4 sur 10
Statistiques - réponses
Hint Réponse % Correct
Partie du corps qui permet d'entendre. Oreille
100%
Permet de bien dormir. Oreiller
91%
Petit objet qui sauve parfois un animateur, journaliste. Oreillette
75%
Biscuits sandwich composés de deux biscuits au chocolat et d'une garniture centrale blanche et sucrée. Oréo
55%
Pathologie très contagieuse qui peut entraîner une orchite. Oreillons
42%
Nymphes qui avec les dryades peuplaient les montagnes. Oréade
4%
Patisserie avec des abricots aussi appelée "oranais". Oreillons
4%
Terme familier décrivant une prière, une oraison. Orémus
4%
Plante printanière dont la configuration fait penser à un plantigrade qui hiberne chaque année. Oreille d'ours
2%
Description par écrit des montagnes. Oréographie
0%
Aucun quiz correspondant
Distribution des résultats
% des personnes avec chaque résultat
Percentile par nombre de réponses
Votre historique - résultats
Vous n’avez pas pris ce quiz